European communities glosary. Glossaire des communautés européenes Français - English F E

Enregistré dans:
Détails bibliographiques
Collectivité auteur: Comité Economique et Social
Format: Texte
Publié: Luxemburgo: Office des publications officielles des Communautés européenes
Édition:8
Tags: Ajouter un tag
Pas de tags, Soyez le premier à ajouter un tag!

MARC

LEADER 00000 a a2200000 04500
001 25251
003
040
020 |a 92-824-0131-6  
090 |a R 182500  
110 |a Comité Economique et Social  
245 |a European communities glosary. Glossaire des communautés européenes Français - English F E  
250 |a 8  
260 |a Luxemburgo:   |b Office des publications officielles des Communautés européenes  
300 |a 1589 p  
999 |c 14593  |d 14593